| 000 | 00439nam a22001697a 4500 | ||
|---|---|---|---|
| 003 | OSt | ||
| 005 | 20170105102938.0 | ||
| 008 | 160330b xxu||||| |||| 00| 0 eng d | ||
| 020 | _a9789698721480 | ||
| 040 | _a0 | ||
| 082 |
_a333.7924 _bIPR 2015 |
||
| 245 |
_aSolutions For Energy Crisis in Pakistan _cIPRI, HSF |
||
| 260 |
_aIslamabad _bIPRI, HSF _c2015 |
||
| 300 |
_ax,294p.; _c24cm |
||
| 651 | _aPakistan-Energy Crisis | ||
| 942 |
_2ddc _cBK |
||
| 999 |
_c16360 _d16360 |
||